La inteligencia emocional de los niños

Guardat en:
Dades bibliogràfiques
Autor principal: Shapiro, Lawrence E (Autor)
Format: Llibre
Idioma:espanyol
Publicat: Buenos Aires Javier Vergara 1997
Matèries:
Etiquetes: Afegir etiqueta
Sense etiquetes, Sigues el primer a etiquetar aquest registre!

MARC

LEADER 00000cam a2200000 a 4500
001 UCS7929
003 CL-VaPUC
008 971024e19970000AG |||||||||||||||||spa|d
020 |a 9501517551 
082 0 4 |a 155.413  |b SHA  |2 21 
100 0 |a Shapiro, Lawrence E  |e author  |9 392892 
245 1 3 |a La inteligencia emocional de los niños 
300 |a 305 p 
942 |c BK 
945 |d 19971024 00:00:00  |a rleighto 
260 |a Buenos Aires  |b Javier Vergara  |c 1997 
650 0 |a Inteligencia  |9 267038 
650 0 |a Emociones   |9 265224 
650 0 |a Motivación   |9 315362 
650 0 |a Desarrollo del niño  |9 336460 
650 0 |a Psicología del niño  |9 307305 
583 |a last modification  |c 20130404 01:49:05  |k Rodrigo Vera 
999 |c 262669  |d 262667 
952 |0 0  |1 0  |4 0  |6 155_413000000000000_SHA_1997  |7 0  |8 A  |9 291406  |a BIBEDU  |b BIBEDU  |d 2019-11-19  |i 3356558  |o 155.413 SHA 1997  |p 3356558  |r 2019-11-19  |w 2019-11-19  |y BK  |k EDU 
952 |0 0  |1 0  |4 0  |6 155_413000000000000_SHA_1997  |7 0  |8 A  |9 291408  |a BIBEDU  |b BIBEDU  |d 2019-11-19  |i 3598322  |o 155.413 SHA 1997  |p 3598322  |r 2019-11-19  |w 2019-11-19  |y BK  |k BME 
952 |0 0  |1 0  |4 0  |6 155_413000000000000_SHA_1997  |7 0  |8 A  |9 291409  |a BIBEDU  |b BIBEDU  |d 2019-11-19  |i 3598330  |o 155.413 SHA 1997  |p 3598330  |r 2019-11-19  |w 2019-11-19  |y BK  |k BME 
952 |0 0  |1 0  |4 0  |6 155_413000000000000_SHA_1997  |7 0  |8 A  |9 291410  |a BIBEDU  |b BIBEDU  |d 2019-11-19  |i 3598349  |o 155.413 SHA 1997  |p 3598349  |r 2019-11-19  |w 2019-11-19  |y BK  |k BME 
952 |0 0  |1 0  |4 0  |6 155_413000000000000_SHA_1997  |7 0  |8 A  |9 291411  |a BIBEDU  |b BIBEDU  |d 2019-11-19  |i 3598357  |o 155.413 SHA 1997  |p 3598357  |r 2019-11-19  |w 2019-11-19  |y BK  |k BME 
952 |0 0  |1 0  |4 0  |6 155_413000000000000_SHA_1997  |7 0  |8 A  |9 291412  |a BIBEDU  |b BIBEDU  |d 2019-11-19  |i 3598365  |o 155.413 SHA 1997  |p 3598365  |r 2019-11-19  |w 2019-11-19  |y BK  |k BME 
952 |0 0  |1 0  |4 0  |6 155_413000000000000_SHA_1997  |7 0  |8 A  |9 291413  |a BIBEDU  |b BIBEDU  |d 2019-11-19  |i 4961471  |o 155.413 SHA 1997  |p 4961471  |r 2019-11-19  |w 2019-11-19  |y BK  |k PSI